000 00674nam a2200217 i 4500
001 124468
003 ES-MaACL
005 20250813062615.0
007 t|
008 070327s1927 sp ||||1| spa d
100 1 _aTönnies, Ferdinand.
_9110579
245 1 0 _aDesarrollo de la cuestión social /
_cFerdinand Tönnies ; traducción de Manuel Reventós.
260 _aBarcelona :
_bLabor,
_c[1927]
300 _a184 p. :
_bil. ;
_c17 cm.
490 1 _aColección Labor ;
_v116
650 7 _aProblemas sociales
_2embne
_916415
700 1 _aReventós, Manuel.
_996407
830 0 0 _aColección Labor
_v116
_9184254
852 _aES-MaACL
_jE-2647
999 _c124468
_d124468